[Event "Olympiad Women 2024"]
[Site "Budapest HUN"]
[Date "2024.09.21"]
[Round "10.31"]
[Board "4"]
[White "Sipos, Stefania"]
[Black "Molina, Jessica"]
[Result "1-0"]
[WhiteElo "1993"]
[BlackElo "1945"]
[PlyCount "89"]
[EventDate "2024.09.11"]
[WhiteTeam "Hungary C"]
[BlackTeam "Bolivia"]
[BlackTeamCountry "BOL"]

1. e4 d6 2. d4 Nf6 3. Nc3 g6 4. Bg5 Bg7 5. Qd2 c6 6. f4 b5 7. Bd3 a5 ({RR} 7... b4 8. Nce2 Qb6 9. Nf3 d5 10. Bxf6 exf6 11. exd5 cxd5 12. f5 O-O 13. h4 gxf5 14. h5 h6 15. O-O Nc6 16. c3 Ne5 17. Nh4 Nxd3 18. Qxd3 Re8 19. Nf4 Re4 20. Qh3 bxc3 21. bxc3 Qd6 22. Nxf5 {1-0 Almasi,Z (2650)-Ribli,Z (2590) HUN-chT 9697 1996 (10)}) 8. Nf3 b4 9. Ne2 Ba6 10. Ng3 $146 ({RR} 10. O-O O-O 11. f5 Qb6 12. Kh1 e5 13. fxe6 fxe6 14. Nf4 Re8 15. e5 dxe5 16. dxe5 Ng4 17. Rae1 Nd7 18. Bxa6 Ndxe5 19. Nxe5 Nxe5 20. Bd3 h6 21. Nxg6 Nxd3 22. Bxh6 Bxh6 23. Qxh6 Nf2+ 24. Rxf2 Qxf2 {1-0 Young,A (2062)-Davies,L (2038) WLS-chT 0607 2006 (5)}) ({RR} 10. O-O d5 11. Bxf6 exf6 12. e5 O-O 13. a3 {0-1 Kejna,P (1965)-Malyovanyi,Y (2310) POL-chT 2nd League 2022 (8.20)}) ({RR} 10. f5 gxf5 11. exf5 Bxd3 12. Qxd3 Nbd7 13. Nf4 Qb6 14. O-O-O O-O 15. g4 Qb5 16. Qxb5 cxb5 17. Bxf6 Nxf6 18. g5 Ne8 19. Rhe1 Ra7 20. Re2 Rd7 21. Rde1 e5 22. dxe5 dxe5 23. Nxe5 Rd4 24. Ned3 Nd6 {1-0 Smirnov,P (2615)-Tseshkovsky,V (2564) RUS-chT 10th final A 2003 (1)}) ({RR} 10. f5 Qb6 11. Bxf6 exf6 12. h4 Nd7 13. h5 g5 14. h6 Bf8 15. O-O-O g4 16. Ne1 O-O-O 17. Kb1 Bb7 {½-½ Rocha,S (2420)-Damaso,R (2440) Portuguese Masters 14th 1998 (4)}) 10... Qb6 11. O-O c5 12. Bxa6 Nxa6 13. c3 cxd4 14. cxd4 O-O 15. Kh1 Nc7 16. f5 Qb7 17. Rae1 Rfe8 18. Bh6 e6 19. Bxg7 Kxg7 20. e5 dxe5 21. dxe5 Ng8 22. f6+ Kh8 23. Qd7 Rf8 24. Ng5 Nh6 25. Nxe6 Rfc8 26. Rc1 Qd5 27. Rxc7 Qxe6 28. Qxe6 fxe6 29. Re7 Re8 30. Ne4 Nf5 31. Rxe8+ Rxe8 32. Ng5 h6 33. Ne4 Rc8 34. Rd1 Ne3 35. Re1 Rc2 36. h3 Nf5 37. Rd1 Kg8 38. Rd8+ Kf7 39. g4 Re2 40. gxf5 Rxe4 41. Rd7+ Ke8 42. fxe6 Rf4 43. f7+ Kf8 44. Rd8+ Kg7 45. Rg8+ 1-0

[Event "Olympiad Women 2024"]
[Site "Budapest HUN"]
[Date "2024.09.21"]
[Round "10.32"]
[Board "1"]
[White "Wafa, Shrook"]
[Black "Rodriguez Arrieta, Maria Elena"]
[Result "1/2-1/2"]
[WhiteElo "2137"]
[BlackElo "1941"]
[PlyCount "125"]
[EventDate "2024.09.11"]
[WhiteTeam "Egypt"]
[BlackTeam "Costa Rica"]
[WhiteTeamCountry "EGY"]
[BlackTeamCountry "CRI"]

1. e4 {Kortchnoi/Portisch} e5 2. Nf3 Nc6 3. Bb5 a6 4. Ba4 Nf6 5. O-O Be7 6. Re1 b5 7. Bb3 d6 8. h3 Na5 9. Nc3 ({RR} 9. c3 Nxb3 10. Qxb3 Bb7 11. d3 O-O 12. Nbd2 Nd7 13. d4 c5 14. dxe5 dxe5 15. c4 Qc7 16. Qc2 Nb8 17. b3 Nc6 18. Bb2 Nd4 19. Nxd4 cxd4 20. a3 Rfc8 21. Qd3 Bg5 22. Rac1 Qa5 23. Re2 Rc7) 9... O-O 10. d3 Nxb3 ({RR} 10... Re8 11. Bg5 c6 ({RR} 11... Bb7 12. Bxf6 Bxf6 13. Nd5) ({RR} 11... h6 12. Bxf6 Bxf6 13. Nd5) 12. Ne2 h6 13. Bd2 Nxb3 14. axb3 c5 15. Ng3 Bf8 16. c4 b4 ({RR} 16... Rb8) 17. Nh2 Nh7 18. Ng4 Ra7 19. f4 ({RR} 19. Rf1) 19... exf4 20. Bxf4 Nf6 ({RR} 20... Qh4 21. Nf5) 21. Nh2 Nd7 22. Qd2 Ne5 23. Rf1 Kh7 24. Rf2 g6 25. Raf1 {0-1 Kortschnoj,V (2670)-Portisch,L (2630) Match/Team URS-World 20,5-19,5 1970 (3.3)}) ({RR} 10... c6 11. Ne2 Kh8 12. Ng3 Ng8 13. d4 exd4 14. Nxd4 g6 15. c3 Bb7 16. Bc2 Bf6 17. Nf3 Re8 18. h4 Nc4 19. Ng5 Nh6 20. Nh5 gxh5 21. Qxh5 Bg7 22. e5 f5 23. Nxh7 Re6 24. Nf6 Rxf6 25. exf6) ({RR} 10... h6 11. Be3 Bb7 12. Qd2 Nxb3 13. axb3 Nd7 14. Bxh6 gxh6 15. Qxh6 Bf6 16. Qh5 Re8 17. Re3 Nf8 18. Nh2 Ng6 19. Rg3 Kg7 20. Qf3 Bh4 21. Ng4 Bc8 22. Ne3 Bxg3 23. fxg3 c6 24. Rf1 Ra7 25. Nf5+ {½-½ Medhus,V (2310)-Arnold,R (2171) 32nd EY Open U16 2024 (8.14)}) 11. axb3 c6 12. d4 $146 ({RR} 12. Ne2 Nh5 13. g4 Nf6 14. Ng3 h5 15. gxh5 Bxh3 16. h6 g6 17. Nh2 Nh7 18. Ng4 Bg5 19. Be3 Bf4 20. Nh1 Qh4 21. Bxf4 exf4 22. f3 f5 23. exf5 gxf5 24. Qe2 fxg4 25. Qe6+ Kh8 26. Qd7 Qg5 {0-1 Genttner,J-Prokes,L CSR-ch02 Championship 1907 (4.3)}) ({RR} 12. Ne2 h6 13. Ng3 Nh7 14. Nf5 Bxf5 15. exf5 Qd7 16. g4 Qd8 17. d4 f6 18. Bd2 Qb6 19. Kg2 Rfe8 20. Ba5 Qa7 21. Qd2 Bd8 22. dxe5 dxe5 23. Rad1 Bxa5 24. Qxa5 c5 25. Rd6 Qb7 26. Qb6 Qxb6 {1-0 Daliga,A (1703)-Vozarova,A (1561) World ol U16 2016 (5.3)}) 12... Qc7 13. Bg5 Bb7 14. Qd3 h6 15. Be3 Rfe8 16. Nh4 b4 17. Na4 exd4 18. Bxd4 c5 19. Bxf6 Bxf6 20. Nf5 Rad8 21. Re3 Bg5 22. Re2 d5 23. exd5 Rxe2 24. Qxe2 Rxd5 25. Ng3 Rd8 26. Rd1 Rxd1+ 27. Qxd1 Qc6 28. f3 Be3+ 29. Kh1 Qg6 30. Nf1 Qg5 31. Qe2 Bd4 32. c3 Bf6 33. Qe8+ Kh7 34. Qxf7 Bd5 35. Qd7 Bxb3 36. Qd3+ g6 37. Nb6 bxc3 38. bxc3 a5 39. Nd2 a4 40. Nd7 Bg7 41. Ne4 Qc1+ 42. Kh2 Qf4+ 43. g3 Qf7 44. Ndxc5 Bc4 45. Qd1 a3 46. Qa4 a2 47. f4 Bd5 48. h4 Bxe4 49. Nxe4 Qe6 50. Kg2 a1=Q 51. Qxa1 Qxe4+ 52. Kh2 Qc2+ 53. Kh3 h5 54. Qa7 Qxc3 55. Qe7 Qf3 56. Kh2 Qf2+ 57. Kh3 Qg1 58. Qe4 Qd1 59. Kh2 Qg4 60. Qe7 Kh6 61. Qg5+ Qxg5 62. fxg5+ Kh7 63. Kh3 1/2-1/2

[Event "Olympiad Women 2024"]
[Site "Budapest HUN"]
[Date "2024.09.21"]
[Round "10.32"]
[Board "2"]
[White "Acevedo Mendez, Jennifer"]
[Black "Wafa, Shahenda"]
[Result "1/2-1/2"]
[WhiteElo "1836"]
[BlackElo "2102"]
[PlyCount "127"]
[EventDate "2024.09.11"]
[WhiteTeam "Costa Rica"]
[BlackTeam "Egypt"]
[WhiteTeamCountry "CRI"]
[BlackTeamCountry "EGY"]

1. e4 c5 2. c3 Nf6 3. Bd3 d6 4. Nf3 Nc6 5. Bc2 Bg4 6. O-O a6 7. h3 Bh5 8. d3 e6 9. Nbd2 Be7 10. Re1 O-O 11. Nf1 Ne5 $146 ({RR} 11... b5 12. Ng3 Bg6 13. d4 d5 14. e5 Nd7 15. Bxg6 hxg6 16. a3 Qb6 17. h4 cxd4 18. cxd4 Rfc8 19. h5 Nf8 20. Be3 a5 21. b3 b4 22. a4 Qd8 23. hxg6 Nxg6 24. Kh2 Kf8 25. Rh1 Ke8 26. Kg1 {1-0 Tobak,M (2067)-Pilchuk,A (1468) Kiev op U16 2021 (1)}) 12. N1h2 Qc7 13. g4 Nxf3+ 14. Nxf3 Bg6 15. Nh4 Rac8 16. f4 Ne8 17. Nxg6 hxg6 18. Qf3 Qb6 19. Kg2 Nc7 20. h4 d5 21. exd5 Nxd5 22. Bb3 Qd6 23. Rh1 Nf6 24. Re1 b5 25. Bc2 Rfd8 26. Bd2 Qd5 27. Kg3 b4 28. Re5 Qxf3+ 29. Kxf3 Nd5 30. g5 Bd6 31. Re4 Rb8 32. c4 Ne7 33. Be1 Nf5 34. Bf2 Kf8 35. Rae1 Ke7 36. Kg4 Rh8 37. Rh1 Kd7 38. Ba4+ Kc7 39. Bc2 a5 40. Ba4 Rbd8 41. Rd1 Be7 42. Bc2 Bd6 43. Ba4 Ra8 44. Rde1 Raf8 45. Bb5 Rh5 46. Ba4 Be7 47. Rh1 Rd8 48. Rd1 Kb6 49. Bc2 Kc7 50. Ba4 Ra8 51. Rde1 Rhh8 52. Rd1 Rad8 53. Bc2 Rd7 54. Ba4 Rd6 55. Re5 Rdd8 56. Re4 Bd6 57. Bb5 Be7 58. Ba4 Rh5 59. Bc2 Ra8 60. Ba4 Ra6 61. Bb5 Rb6 62. Ba4 Rb8 63. Bc2 Rd8 64. Ba4 1/2-1/2

[Event "Olympiad Women 2024"]
[Site "Budapest HUN"]
[Date "2024.09.21"]
[Round "10.32"]
[Board "3"]
[White "Romany, Joy"]
[Black "Bogantes Robleto, Karina"]
[Result "0-1"]
[WhiteElo "2012"]
[BlackElo "1766"]
[PlyCount "114"]
[EventDate "2024.09.11"]
[WhiteTeam "Egypt"]
[BlackTeam "Costa Rica"]
[WhiteTeamCountry "EGY"]
[BlackTeamCountry "CRI"]

1. d4 d5 2. c4 c6 3. Nf3 Nf6 4. Nc3 dxc4 5. a4 Bf5 6. Ne5 e6 7. Nxc4 c5 8. dxc5 Qxd1+ 9. Nxd1 Bxc5 10. f3 ({RR} 10. Be3 Bb4+ 11. Bd2 Nc6 12. f3 Ke7 13. e4 Bg6 14. Bxb4+ Nxb4 15. Nde3 Nd7 16. Be2 Nc5 17. Kf2 Rhd8 18. a5 f6 19. Rhd1 Be8 20. Rxd8 Rxd8 21. Rd1 Rxd1 22. Bxd1 Bb5 23. Ke1 g5 24. Kd2 h5 {0-1 Rahmanov,S (2208)-Ozsakallioglu,O (2374) 29th Troya Open 2024 (2.2)}) 10... Nc6 11. Be3 Bxe3 $146 ({RR} 11... Bb4+ 12. Kf2 e5 13. Bd2 Bxd2 14. Nxd2 O-O-O 15. Nc4 Be6 16. Nde3 Rd4 17. Rc1 Kb8 18. g3 Rhd8 19. Bg2 Nd5 20. Nxd5 Bxd5 21. b3 Bxc4 22. bxc4 Na5 23. f4 exf4 24. Bd5 Rc8 25. e4 fxe3+ 26. Kxe3 {0-1 Hansen,H (2071)-Matthiesen,A (2324) Politiken Cup 31st 2009 (7)}) 12. Ndxe3 Rd8 13. Nxf5 exf5 14. e3 Nb4 15. Kf2 O-O 16. Be2 Nd3+ 17. Bxd3 Rxd3 18. Rhd1 Rb3 19. Rd2 g6 20. Ra3 Rxa3 21. Nxa3 Rc8 22. Nb5 Rc4 23. b3 Rb4 24. Rd3 a6 25. Nc7 Rb6 26. Rc3 Kf8 27. Ke2 Ke7 28. Kd2 Rd6+ 29. Kc2 h5 30. b4 Nd5 31. Nxd5+ Rxd5 32. Rc7+ Rd7 33. Rxd7+ Kxd7 34. Kc3 Kc6 35. Kd4 b5 36. a5 f6 37. h4 Kd6 38. g3 Kc6 39. e4 fxe4 40. Kxe4 Kd6 41. g4 Ke6 42. Kf4 Kd5 43. Ke3 Kc4 44. Ke4 Kxb4 45. f4 Kc3 46. f5 gxf5+ 47. Kxf5 b4 48. Kxf6 b3 49. gxh5 b2 50. h6 b1=Q 51. Kg7 Qb7+ 52. Kg8 Qc8+ 53. Kg7 Qd7+ 54. Kg8 Qg4+ 55. Kh8 Qxh4 56. h7 Kb4 57. Kg7 Kxa5 0-1

[Event "Olympiad Women 2024"]
[Site "Budapest HUN"]
[Date "2024.09.21"]
[Round "10.32"]
[Board "4"]
[White "Canales Chinchilla, Victoria"]
[Black "Allam, Yara"]
[Result "0-1"]
[WhiteElo "1825"]
[BlackElo "1920"]
[PlyCount "80"]
[EventDate "2024.09.11"]
[WhiteTeam "Costa Rica"]
[BlackTeam "Egypt"]
[WhiteTeamCountry "CRI"]
[BlackTeamCountry "EGY"]

1. e4 c5 2. Nf3 e6 3. d4 cxd4 4. Nxd4 a6 5. Bd3 d6 6. O-O Nf6 7. Qe2 Qc7 8. Nd2 ({RR} 8. Bd2 g6 9. c4 Bg7 10. Nc3 O-O 11. Kh1 b6 12. b4 Bb7 13. Nb3 Nbd7 14. f4 Rfe8 15. Rac1 Rac8 16. a4 Qb8 17. a5 bxa5 18. Nxa5 Ba8 19. Rb1 Nh5 20. Bc2 d5 21. e5 Nxe5 22. fxe5 Bxe5 {0-1 Brooks,M (2508)-Stripunsky,A (2553) North American op 23rd 2004 (3)}) 8... Be7 9. Kh1 ({RR} 9. a4 b6 10. Kh1 Nbd7 11. c4 Bb7 12. f3 O-O 13. Re1 Rfe8 14. b3 Ne5 15. Bc2 Nfd7 16. Nf1 Bf6 17. Be3 d5 18. cxd5 exd5 19. Rac1 Nc6 20. Nxc6 Qxc6 21. e5 Qe6 22. exf6 d4 23. Qd3 Nxf6 {1-0 Sanleon Pravisano,N (1864)-Andrade Sandoval,B (1877) ESP-chT CECLUB Div2 2021 (5.4)}) 9... Nbd7 10. c3 $146 ({RR} 10. N2b3 O-O 11. f4 b5 12. a4 bxa4 13. Rxa4 Bb7 14. Bd2 Nc5 15. Nxc5 Qxc5 16. Rc4 Qb6 17. Rb4 Qc7 18. Rb3 Rfd8 19. Nf3 d5 20. exd5 Bxd5 21. c4 Bc6 22. Ra1 Bxf3 23. Qxf3 Qd7 24. Ba5 Rdb8 {½-½ Niubo Calvo,J (1756)-Ferrer Comas,J (1854) Barcelona Primavera La Lira op 11th 2018 (9)}) 10... O-O 11. f4 Nc5 12. Bc2 g6 13. f5 e5 14. N4b3 Nh5 15. Nf3 Re8 16. g4 Nf6 17. Nxc5 Qxc5 18. Be3 Qc6 19. Nd2 b5 20. g5 Nxe4 21. Bxe4 d5 22. f6 Bd6 23. Bg2 Bf5 24. Nb3 Rad8 25. Rad1 Bf8 26. Qf2 Qc4 27. Na5 Qa4 28. b3 Qxa5 29. Bb6 Qxc3 30. Bxd8 Rxd8 31. Rxd5 Rxd5 32. Bxd5 Qd3 33. Qf3 Qd2 34. h4 Qd4 35. Rd1 Qxh4+ 36. Kg2 Qxg5+ 37. Kf1 Bg4 38. Qd3 Bxd1 39. Bxf7+ Kxf7 40. Qd5+ Kxf6 0-1

[Event "Olympiad Women 2024"]
[Site "Budapest HUN"]
[Date "2024.09.21"]
[Round "10.33"]
[Board "1"]
[White "Wagener, Anna"]
[Black "Garcia, Angie"]
[Result "1-0"]
[WhiteElo "2251"]
[BlackElo "2015"]
[PlyCount "61"]
[EventDate "2024.09.11"]
[WhiteTeam "Luxembourg"]
[BlackTeam "El Salvador"]
[WhiteTeamCountry "LUX"]
[BlackTeamCountry "ESA"]

1. e4 e6 2. Nf3 d5 3. Nc3 Nf6 4. e5 Nfd7 5. d4 c5 6. dxc5 Bxc5 7. Bd3 Nc6 8. Bf4 h6 9. Qe2 g5 ({RR} 9... a6 10. O-O-O g5 11. Bg3 Qa5 12. h4 d4 13. Nb1 b5 14. a3 b4 15. axb4 Nxb4 16. Bc4 Nb6 17. Bb3 Bd7 18. Nxd4 Ba4 19. Na3 Bxd4 20. Rxd4 Bxb3 21. cxb3 Na2+ 22. Kb1 Qxa3 23. Qf3 Qc5 24. Rc4 {0-1 Saravanan,V (2428)-Barua,D (2494) IND-ch New Delhi 2001 (3)}) 10. Bg3 g4 11. Nd2 Qg5 ({RR} 11... h5 12. O-O-O Qg5 13. Kb1 h4 14. f4 Qh6 15. Bf2 Qxf4 16. Rhf1 Bxf2 17. Rxf2 Qg5 18. Nb3 Ndxe5 19. Nb5 Ke7 20. Nc7 Rb8 21. Bb5 Bd7 22. c4 dxc4 23. Bxc4 Rbc8 24. Nb5 Nb4 25. Rxd7+ Nxd7 26. Rxf7+ {0-1 Hort,M (1952)-Gudbrandsen,G (2275) Fagernes GM Swiss Aut 2023 (1.35)}) 12. f4 $146 ({RR} 12. Nb5 Nd4 13. Nxd4 Bxd4 14. f4 Qg7 15. c3 Bb6 16. Nb3 a6 17. Nd4 Nc5 18. Bc2 Bd7 19. Bh4 Bd8 20. Bf2 Rc8 21. f5 Bc7 22. f6 Qg5 23. Bg3 Bb6 24. Bf2 Na4 25. Bd3 Bc7 26. Bg3 Ba5 {0-1 Markocic,S (1744)-Tscharotschkin,M (2216) Portoroz op 10th 2016 (1)}) 12... Qg7 13. Nb3 Be7 14. O-O-O a6 15. Kb1 h5 16. Bf2 Nb4 17. Rhe1 Nxd3 18. Rxd3 Qg6 19. Rdd1 b6 20. Nd4 Nc5 21. f5 Qh7 22. b4 Nb7 23. a3 Nd8 24. h3 gxh3 25. gxh3 a5 26. f6 Bf8 27. Qb5+ Bd7 28. Qxb6 axb4 29. Ncb5 Rc8 30. Nd6+ Bxd6 31. Qxd6 1-0

[Event "Olympiad Women 2024"]
[Site "Budapest HUN"]
[Date "2024.09.21"]
[Round "10.33"]
[Board "2"]
[White "Vasquez Vasquez, Marielos"]
[Black "Steil-Antoni, Fiona"]
[Result "1/2-1/2"]
[WhiteElo "1844"]
[BlackElo "2085"]
[PlyCount "121"]
[EventDate "2024.09.11"]
[WhiteTeam "El Salvador"]
[BlackTeam "Luxembourg"]
[WhiteTeamCountry "ESA"]
[BlackTeamCountry "LUX"]

1. d4 d5 2. c4 dxc4 3. e3 Be6 4. Qc2 c6 5. Bxc4 Bxc4 6. Qxc4 Nf6 7. Nf3 e6 8. O-O $146 ({RR} 8. Bd2 a5 9. O-O Bd6 10. Qc2 O-O 11. e4 Bb4 12. Bxb4 axb4 13. Nbd2 Nbd7 14. e5 {½-½ Mayer,K-Cortijo,M Wuerttemberg-ch U10 2002 (5)}) 8... Be7 9. Nc3 O-O 10. Rd1 a5 11. e4 b5 12. Qe2 Qc7 13. Bg5 Rd8 14. Rac1 Qb7 15. e5 Ne8 16. Ne4 Bxg5 17. Nfxg5 Qe7 18. Rc3 h6 19. Nh3 Ra7 20. Rg3 Qf8 21. Nf4 Rad7 22. Qe3 c5 23. d5 exd5 24. Nxc5 d4 25. Qa3 Rc7 26. Ne4 Qxa3 27. Rxa3 Re7 28. Rxa5 Rxe5 29. f3 f5 30. Nf2 Nc7 31. N2d3 Re7 32. Ng6 Re6 33. Ngf4 Red6 34. Ra7 R8d7 35. Rb7 Nc6 36. Rc1 g5 37. Ne2 Re7 38. Rc2 f4 39. g3 Nd5 40. Rxb5 Ne3 41. Rd2 fxg3 42. hxg3 Nc4 43. Rc2 N4e5 44. Nec1 Nxf3+ 45. Kg2 Nfe5 46. Rb6 Ree6 47. b4 Ng4 48. Kh3 Ne3 49. Rc5 Nd5 50. Rb7 Re3 51. Kg2 h5 52. b5 Nce7 53. a4 h4 54. gxh4 gxh4 55. a5 Rg6+ 56. Kh2 Reg3 57. Rxe7 Rg2+ 58. Kh3 R2g3+ 59. Kh2 Rg2+ 60. Kh3 R2g3+ 61. Kh2 1/2-1/2

[Event "Olympiad Women 2024"]
[Site "Budapest HUN"]
[Date "2024.09.21"]
[Round "10.33"]
[Board "3"]
[White "Bakalarz, Grazyna"]
[Black "Zavala Galindo, Alejandra Beatriz"]
[Result "0-1"]
[WhiteElo "1928"]
[BlackElo "1870"]
[PlyCount "74"]
[EventDate "2024.09.11"]
[WhiteTeam "Luxembourg"]
[BlackTeam "El Salvador"]
[WhiteTeamCountry "LUX"]
[BlackTeamCountry "ESA"]

1. d4 d6 2. Nf3 g6 3. e4 Bg7 4. Nc3 c6 5. Be3 d5 ({RR} 5... Qb6 6. Rb1 Nf6 7. h3 Nbd7 8. Be2 Qc7 9. a4 O-O 10. O-O a6 11. Ra1 b6 12. Nd2 Bb7 13. f4 c5 14. d5 e6 15. Nc4 exd5 16. exd5 Rfe8 17. Bf3 b5 18. axb5 Nb6 19. Nxb6 Qxb6 20. Bf2 {1-0 Asrian,K (2611)-Bologan,V (2700) EU-ch 6th Warsaw 2005 (6)}) 6. exd5 ({RR} 6. a3 dxe4 7. Nxe4 Bf5 8. Bd3 Nf6 9. Nxf6+ Bxf6 10. O-O Bxd3 11. Qxd3 O-O 12. Rfd1 Qc7 {½-½ Parligras,C (2305)-Ardeleanu,A (2335) ROM-chT Mamaia 2012 (4.5)}) 6... cxd5 7. Bb5+ Bd7 $146 ({RR} 7... Nc6 8. O-O Bg4 9. h3 Bxf3 10. Qxf3 e6 11. Rad1 Rc8 12. Rfe1 Nge7 13. Bg5 O-O 14. Bxc6 bxc6 15. Bf6 Bxf6 16. Qxf6 c5 17. Ne2 Nf5 18. Qxd8 Rfxd8 19. c3 Rb8 20. b3 Rdc8 21. Rc1 a5 22. Red1 {0-1 Morris Hill,R (2129)-Haydon,R (2186) BCF-chT4 0708 (4NCL) 2007 (8.4)}) 8. O-O Bxb5 9. Nxb5 a6 10. Nc3 Nf6 11. Qd2 Nc6 12. Rfe1 O-O 13. Bh6 e6 14. Bxg7 Kxg7 15. Ne5 Rc8 16. Rad1 Na5 17. Re3 Nc4 18. Nxc4 Rxc4 19. Rh3 h5 20. Qf4 Qc7 21. Qxc7 Rxc7 22. Kf1 b5 23. a3 Rfc8 24. Rhd3 Ne4 25. Ne2 Rxc2 26. f3 Nd6 27. b3 Ra2 28. Rc1 Rxc1+ 29. Nxc1 Rxa3 30. Rc3 b4 31. Rc6 Nb5 32. Nd3 Rxb3 33. Nc5 Rb1+ 34. Kf2 Nxd4 35. Rxa6 Rb2+ 36. Kf1 Nf5 37. Nd3 Ne3+ 0-1

[Event "Olympiad Women 2024"]
[Site "Budapest HUN"]
[Date "2024.09.21"]
[Round "10.33"]
[Board "4"]
[White "Barahona, Dalila Yamileth"]
[Black "Lyon, Hannah Jane"]
[Result "1-0"]
[WhiteElo "1833"]
[BlackElo "1797"]
[PlyCount "85"]
[EventDate "2024.09.11"]
[WhiteTeam "El Salvador"]
[BlackTeam "Luxembourg"]
[WhiteTeamCountry "ESA"]
[BlackTeamCountry "LUX"]

1. c4 c5 2. Nc3 g6 3. g3 Bg7 4. Bg2 Nc6 5. d3 d6 6. e4 e5 7. Nge2 Nge7 8. Be3 ({RR} 8. f4 Bg4 9. h3 Bxe2 10. Nxe2 exf4 11. gxf4 f5 12. Rb1 Rb8 13. Bd2 Qd7 14. a3 Nd4 15. b4 Nxe2 16. Qxe2 b6 17. b5 O-O 18. O-O Rbe8 19. Rbe1 Kh8 20. Kh2 Ng8 21. e5 dxe5 22. Bc6 Qd4 {0-1 Moskalenko,V (2569)-Peralta,F (2558) Barcelona Edami 2008 (2)}) 8... O-O ({RR} 8... Nd4 9. h3 Nec6 10. O-O O-O 11. Nd5 f5 12. exf5 Nxf5 13. Bd2 Be6 14. Rb1 Qd7 15. Kh2 Rae8 16. b4 b6 17. bxc5 dxc5 18. a4 Nfe7 19. Nec3 Nb4 20. Nxb4 cxb4 21. Rxb4 Qxd3 22. Nd5 Nxd5 23. cxd5 {0-1 Bilic,V (2337)-Skvortsov,A (2343) Travnik Open 2024 (3.1)}) 9. Qd2 Be6 10. Bh6 Qd7 $146 ({RR} 10... f5 11. O-O Qd7 12. Nd5 Nd8 13. Bxg7 Kxg7 14. f4 fxe4 15. fxe5 Bxd5 16. cxd5 dxe5 17. Rxf8 Kxf8 18. dxe4 Nf7 19. Qc3 b6 20. Rf1 Kg8 21. Nc1 Qd6 22. Nd3 Rf8 23. h4 g5 24. Bh3 c4 25. Qxc4 {½-½ Foisor,M (2263)-Cosman,A (2101) ROM-ch (Women) 2016 (4)}) 11. h4 f6 12. Bxg7 Kxg7 13. h5 g5 14. f4 h6 15. O-O-O a6 16. b3 b5 17. Rdf1 Bg8 18. Nd1 a5 19. fxg5 fxg5 20. Rxf8 Kxf8 21. Rf1+ Kg7 22. Nec3 b4 23. Nb5 Nd4 24. Qf2 Nxb5 25. Qf6+ Kh7 26. cxb5 Re8 27. Ne3 Qe6 28. Nd5 Nxd5 29. exd5 Qxf6 30. Rxf6 Rd8 31. Be4+ Kg7 32. Rg6+ Kf8 33. Rxh6 Rd7 34. Rf6+ Ke8 35. Rg6 Kf8 36. Rxg5 Rf7 37. Rf5 Rxf5 38. Bxf5 Bxd5 39. Be4 Bxe4 40. dxe4 d5 41. exd5 e4 42. b6 e3 43. b7 1-0

[Event "Olympiad Women 2024"]
[Site "Budapest HUN"]
[Date "2024.09.21"]
[Round "10.34"]
[Board "1"]
[White "Castillo Pena, Patricia Evarista"]
[Black "Ortiz Verdezoto, Anahi"]
[Result "0-1"]
[WhiteElo "1928"]
[BlackElo "2229"]
[PlyCount "80"]
[EventDate "2024.09.11"]
[WhiteTeam "Dominican Republic"]
[BlackTeam "Ecuador"]
[WhiteTeamCountry "DOM"]
[BlackTeamCountry "ECU"]

1. d4 Nf6 2. Nf3 d5 3. e3 c5 4. Bd3 Nc6 5. b3 cxd4 6. exd4 Bg4 7. Bb2 Qa5+ 8. Bc3 Qc7 9. h3 Bh5 10. Nbd2 e6 11. a3 Bd6 12. O-O O-O $146 ({RR} 12... Bh2+ 13. Kh1 Bf4 14. Be2 O-O-O 15. Bb2 Ne4 16. Nxe4 dxe4 17. Ng1 Bg6 18. Bb5 Nxd4 19. Bxd4 e5 20. c3 exd4 21. cxd4 Kb8 22. d5 Qc5 23. Bc4 b5 24. Rb1 bxc4 25. bxc4+ Ka8 26. Qa4 Rb8 27. Ne2 {0-1 Gressmann,M (2132)-Wachinger,N (2438) Bremen Silvester Open A 2022 (5.1)}) 13. Qb1 Rac8 14. Re1 Bf4 15. Bb2 Qb6 16. c4 dxc4 17. bxc4 Bxd2 18. Nxd2 Nxd4 19. Ne4 Nxe4 20. Rxe4 Nb3 21. Rh4 Bg6 22. Ra2 Rfd8 23. Bxg6 hxg6 24. Bc3 Rd7 25. Re2 Nd4 26. Qe4 Nxe2+ 27. Qxe2 Qb1+ 28. Kh2 Qd3 29. Qb2 f6 30. Bxf6 gxf6 31. Qxf6 Qd6+ 32. Kg1 Rg7 33. Rd4 Qe7 34. Qe5 Rf8 35. Rd2 Qf6 36. Qa5 Qa1+ 37. Kh2 Qe1 38. Qb4 Qe5+ 39. g3 Rgf7 40. Kg2 Qe4+ 0-1

[Event "Olympiad Women 2024"]
[Site "Budapest HUN"]
[Date "2024.09.21"]
[Round "10.34"]
[Board "2"]
[White "Wagenschuetz, Evelyn"]
[Black "Diaz Cesar, Wilsaida Pieranlly"]
[Result "1-0"]
[WhiteElo "2036"]
[BlackElo "1900"]
[PlyCount "49"]
[EventDate "2024.09.11"]
[WhiteTeam "Ecuador"]
[BlackTeam "Dominican Republic"]
[WhiteTeamCountry "ECU"]
[BlackTeamCountry "DOM"]

1. e4 c5 2. Nf3 e6 3. d4 cxd4 4. Nxd4 Nc6 5. Nc3 Qc7 6. Be3 a6 7. a3 Nf6 8. f4 d6 9. Qf3 Bd7 10. O-O-O Be7 ({RR} 10... h5 11. g3 Rc8 12. h3 b5 13. Kb1 b4 14. axb4 Nxb4 15. Rh2 Qb7 16. Bg1 e5 17. Nb3 Be7 18. fxe5 dxe5 19. Rhd2 O-O 20. Qe3 Be6 21. Qa7 Qxa7 22. Bxa7 Rxc3 23. bxc3 Nc6 24. Bc5 Nxe4 25. Bxe7 {½-½ Abdusattorov,N (2677)-Andreikin,D (2729) Chess.com Rapid Winners 2022 (1.2)}) 11. Nxc6 Bxc6 12. f5 $146 ({RR} 12. g4 b5 13. g5 Nd7 14. h4 Qb7 15. h5 a5 16. Nd5 Bxd5 17. exd5 b4 18. a4 O-O 19. g6 Bf6 20. Qg2 exd5 21. gxf7+ Kh8 22. h6 g6 23. Qxd5 Qc8 24. Bh3 b3 25. Rh2 Rb8 26. Bd4 bxc2 {1-0 Rodchenkov,S (2346)-Yuruultei Batbaatar (1433) Titled Tue 8th Aug Early 2023 (6)}) ({RR} 12. Rg1 Rc8 13. g4 d5 14. g5 Nxe4 15. Nxe4 dxe4 16. Qf2 Bd5 17. Bh3 Qc4 18. f5 Qa2 19. Bd4 Bb3 20. Bc3 Rxc3 21. bxc3 Bxa3+ 22. Kd2 Qxc2+ 23. Ke3 Bc5+ 24. Rd4 Qxc3+ 25. Kxe4 Bd5+ 26. Kf4 {0-1 Bynum,J (2060)-Steinberg,N (2554) Titled Tue 9th Jul Early 2024 (1)}) 12... b5 13. Bd3 b4 14. axb4 Qb7 15. fxe6 fxe6 16. Qh3 Qxb4 17. Qxe6 Rb8 18. Qa2 Kd7 19. e5 Ng4 20. Bf5+ Kc7 21. Bxg4 Qxg4 22. exd6+ Bxd6 23. Qa5+ Kd7 24. Qc5 Qe6 25. Bf4 1-0

[Event "Olympiad Women 2024"]
[Site "Budapest HUN"]
[Date "2024.09.21"]
[Round "10.34"]
[Board "3"]
[White "Gonzalez Peguero, Mary Loly"]
[Black "Miranda Vargas, Analia Karen"]
[Result "1/2-1/2"]
[WhiteElo "1889"]
[BlackElo "1891"]
[PlyCount "70"]
[EventDate "2024.09.11"]
[WhiteTeam "Dominican Republic"]
[BlackTeam "Ecuador"]
[WhiteTeamCountry "DOM"]
[BlackTeamCountry "ECU"]

1. d4 Nf6 2. c4 g6 3. Nc3 Bg7 4. e4 d6 5. Be2 O-O 6. h4 c5 7. d5 h6 ({RR} 7... h5 8. Nf3 e6 9. Bg5 exd5 10. exd5 Re8 11. O-O Bf5 12. Nd2 Nbd7 13. Re1 a6 14. Nf1 Qb6 15. Qb3 Qxb3 16. axb3 Ne4 17. Nxe4 Bxe4 18. Bc1 Bc2 19. Ne3 Be4 20. f3 Bf5 21. Nxf5 gxf5 22. Kf1 {0-1 Melkumyan,H (2645)-Firouzja,A (2785) Titled Tue 13th Dec Late 2022 (10)}) ({RR} 7... h5 8. Nf3 Bg4 9. O-O Nbd7 10. Bg5 a6 11. a4 Qb6 12. Ra3 e6 13. Rb3 Qc7 14. dxe6 fxe6 15. Qd2 Bxf3 16. Bxf3 Ne5 17. Be2 Nc6 18. Be3 Ng4 19. Bxg4 hxg4 20. Qe2 g3 21. fxg3 Rxf1+ 22. Qxf1 {1-0 Thorfinnsson,B (2397)-Bergsson,S (2144) Reykjavik Open 2024 (2.34)}) 8. g4 Ne8 9. Be3 e6 $146 ({RR} 9... e5 10. Qd2 Kh7 11. O-O-O f5 12. gxf5 gxf5 13. f4 exf4 14. Bxf4 Nf6 15. e5 dxe5 16. Bxe5 Ne4 17. Nxe4 Bxe5 18. Nf2 Qd6 19. Nd3 Bg7 20. Qf4 Qxf4+ 21. Nxf4 Nd7 22. Ne6 Rf6 23. Bd3 Kg8 24. Nf3 {1-0 Schmalhofer,A-Jung,O Landratspokal 1997 (4)}) 10. Qd2 Kh7 11. Nh3 exd5 12. exd5 a6 13. h5 g5 14. O-O-O b5 15. f4 f6 16. Qc2+ Kg8 17. Qg6 Qe7 18. Bd2 Qf7 19. Qc2 bxc4 20. fxg5 fxg5 21. Rhf1 Nf6 22. Ne4 Qe7 23. Nxf6+ Rxf6 24. Qxc4 Nd7 25. Rxf6 Bxf6 26. Re1 Rb8 27. b3 Qe5 28. Qc2 Qa1+ 29. Qb1 Qxb1+ 30. Kxb1 Ne5 31. Nf2 Bb7 32. Ne4 Be7 33. Nc3 Rf8 34. Be3 Kg7 35. Kc2 Bc8 1/2-1/2